000
00306nam a22001217a 4500
008
180427b xxu||||| |||| 00| 0 eng d
041
_a
eng
080
_a
043.3
100
_a
0
101
_a
MEK-MTH
245
_a
Panelat diellore dhe implementimi i tyre në kampusin e UBT-së
_c
Hyseni,G
942
_2
udc
_c
BK
999
_c
45642
_d
45642